000 00351nam a2200145Ia 4500
008 191201s2012 xx 000 0 und d
082 _a658.5
_bSHI
100 _aSHARMA, S K
245 0 _aIndustrial Engineering and Organization Management
250 _aRep
260 _c2012
_bkatson
_aNew Delhi
300 _a906
650 _aME
942 _2ddc
_cBB
999 _c7556
_d7556